Primenenije matematiki v ekonomike. Vypusk 8.

Uložené v:
Podrobná bibliografia
Médium: Kniha
Jazyk:Russian
Vydané: Leningrad : Izdanije Leningradskogo universiteta, 1973.
Fyzický popis: 127 strán.
Tagy: Pridať tag
Žiadne tagy, Buďte prvý kto otaguje tento záznam!

MARC

LEADER 00000nam a22000002i 4500
001 000656708
005 20210205113409.0
008 210205s1973 ru e 000 0 rus d
020 |c Kčs 7,00  |q (brožované) 
040 |a SVKKK  |b slo  |c SVKKK  |e rda 
245 0 0 |a Primenenije matematiki v ekonomike. Vypusk 8. 
264 1 |a Leningrad :  |b Izdanije Leningradskogo universiteta,  |c 1973. 
300 |a 127 strán. 
336 |a text  |b txt  |2 rdacontent 
337 |a bez média  |b n  |2 rdamedia 
338 |a zväzok  |b nc  |2 rdacarrier 
500 |a Záznam revízie 
700 1 |a Abramov, L. M.  |4 red 
910 |a svkkk 
998 |a BK 
090 |g SCKHL  |k Sklad Pribinova 2. posch.  |a III.105600  |j 499589  |i 2720769522  |4 Zastaraná  |s Vyradená 
090 |g SCKHL  |k Sklad Pribinova 2. posch.  |a III.106780  |j 513907  |i 2720818406  |4 Zastaraná  |s Vyradená